Dinámica
Gardado en:
| Autor Principal: | |
|---|---|
| Formato: | Libro |
| Idioma: | Spanish |
| Publicado: |
Barcelona : Reverté
1970
|
| Materias: | |
| Etiquetas: |
Engadir etiqueta
Sen Etiquetas, Sexa o primeiro en etiquetar este rexistro!
|
MARC
| LEADER | 00000nam a2200000Ia 4500 | ||
|---|---|---|---|
| 003 | 000234 | ||
| 005 | 20221231144007.0 | ||
| 008 | 140114s1970 sp a 000 ||spa d | ||
| 040 | |c cru CEDI | ||
| 082 | |a 531.3 M561d | ||
| 100 | |a Meriam, James L |9 19556 | ||
| 245 | |a Dinámica | ||
| 260 | |a Barcelona : Reverté |c 1970 | ||
| 300 | |a 525 páginas ; ilustraciones | ||
| 500 | |a Titulo original: Dynamics. | ||
| 650 | |x DINAMICA |9 19808 | ||
| 942 | |2 ddc |c BK | ||
| 999 | |c 15323 |d 15323 | ||
